banner koha

Efeitos da aplicacao de quatro micronutrientes em centrosema cultivada em solos de Andradina e Sao Jose do Rio Preto [centrosema pubescens, boro, molibdenio, cobre, zinco, Sao Paulo, Brasil] (Registro n. 114482)

MARC details
000 -LÍDER
campo de controle de tamanho fixo 01187nas a2200325 4500
001 - NÚMERO DE CONTROLE
campo de controle BR8401820
003 - IDENTIFICADOR DO NÚMERO DE CONTROLE
campo de controle BR-BrBNA
005 - DATA E HORÁRIO DA ÚLTIMA TRANSAÇÃO
campo de controle 20231205085858.0
007 - CAMPO FIXO DE DESCRIÇÃO FÍSICA--INFORMAÇÃO GERAL
campo de controle de tamanho fixo ta
008 - CAMPO DE DADOS FIXOS--INFORMAÇÃO GERAL
campo de controle de tamanho fixo 230509b bl.|||p| |||| 00| 00por d
040 ## - FONTE DA CATALOGAÇÃO
Instituição da catalogação original BR-BrBNA
Idioma da catalogação por
Instituição que transcreveu o registro Biblioteca Nacional de Agricultura
041 ## - CÓDIGO DE IDIOMA
Código do idioma do texto/trilha sonora ou título diferente (Pt)
072 ## - CÓDIGO DE CATEGORIA DE ASSUNTO
Código de Categoria de Assunto F25
100 1# - ENTRADA PRINCIPAL--NOME PESSOAL
Nome pessoal Monteiro, F.A.
100 1# - ENTRADA PRINCIPAL--NOME PESSOAL
Nome pessoal Werner, J.C.
100 1# - ENTRADA PRINCIPAL--NOME PESSOAL
Nome pessoal Fancelli, A.L.
100 1# - ENTRADA PRINCIPAL--NOME PESSOAL
Nome pessoal Santos, M.A. dos
245 1# - TÍTULO
Título Efeitos da aplicacao de quatro micronutrientes em centrosema cultivada em solos de Andradina e Sao Jose do Rio Preto [centrosema pubescens, boro, molibdenio, cobre, zinco, Sao Paulo, Brasil]
246 1# - FORMA VARIANTE DO TÍTULO
Título/título abreviado Effects of the application of four micronutrients in centrosema cultivated on soils of Andradina and Sao Jose do Rio Preto [Centrosema pubescens, boron, molybdenum, copper, zinc, Sao Paulo, Brazil]
650 ## - ASSUNTO--TERMO TÓPICO
Cabeçalho tópico ou nome geográfico CENTROSEMA
650 ## - ASSUNTO--TERMO TÓPICO
Cabeçalho tópico ou nome geográfico BORO
650 ## - ASSUNTO--TERMO TÓPICO
Cabeçalho tópico ou nome geográfico MOLIBDENIO
650 ## - ASSUNTO--TERMO TÓPICO
Cabeçalho tópico ou nome geográfico COBRE
650 ## - ASSUNTO--TERMO TÓPICO
Cabeçalho tópico ou nome geográfico ZINCO
650 ## - ASSUNTO--TERMO TÓPICO
Cabeçalho tópico ou nome geográfico ADUBACAO
650 ## - ASSUNTO--TERMO TÓPICO
Cabeçalho tópico ou nome geográfico SAO PAULO
773 0# - ENTRADA ANALÍTICA
Título Zootecnia (Brazil)
ISSN - International Standard Serial Number ISSN 0044-5320
Partes relacionadas (Jul 1983), v. 21(3) p. 227-249
Número de controle do registro BR8401820
909 ## -
-- 202311
-- Lúcia
-- 55
-- Lúcia Elande
942 ## - ELEMENTOS DE ENTRADA ADICIONADOS (KOHA)
Fonte da classificação ou esquema de arquivamento na estante Classificação AGRIS
Ocultar no OPAC Não
Tipo de material Koha Analítica
Exemplares
Situação do descarte Fonte da classificação ou esquema de arquivamento na estante Situação física Não pode ser emprestado Biblioteca de origem Biblioteca atual Localização na estante Enumeração do periódico / cronologia Total de empréstimos Data de último acesso Número do exemplar Tipo de material Koha Fonte de aquisição
  Classificação AGRIS   Consulta local Biblioteca Nacional de Agricultura - Binagri Biblioteca Nacional de Agricultura - Binagri   (Jul 1983), v. 21(3) p. 227-249   29/11/2023 01 Periódicos Portaria Interministerial nº 164/94

BINAGRI

Telefone: (61)3218-2567/2388/3357/2097 - binagri@agro.gov.br

Ministério da Agricultura e Pecuária , Esplanada dos Ministérios, Bloco D, Anexo B, Brasília/DF, CEP: 70.043-900